000 01229nac a22003257a 4500
001 BR8602151
003 BR-BrBNA
005 20240105120413.0
008 230509b bl.|||m| |||| 00| 0 por d
040 _aBR-BrBNA
_bpor
_cBiblioteca Nacional de Agricultura
072 _aF08; E16
090 _a0430 BR8602151
100 1 _aSantos, J.F. dos
100 1 _aAranha, W. da S.
110 1 _aEmpresa Estadual de Pesquisa Agropecuaria da Paraiba S.A., Joao Pessoa (Brasil)
245 1 _aAnalise tecnico-economica de sistemas de producao com algodoeiro arboreo, milho e caupi [Gossypium arboreum, Zea mays, Vigna unguiculata, Paraiba]
246 1 _aTechnical-economical analysis of production systems with arboreal cotton, maize and cowpea
260 3 _aJoao Pessoa, PB (Brasil):
_c1986.
300 _a4 p.
490 _aPesquisa em Andamento - Empresa Estadual de Pesquisa Agropecuaria da Paraiba S.A. (Brazil)
_vno. 38
_xISSN 0101-9406
650 _aALGODAO ARBOREO
650 _aMILHO
650 _aFEIJAO DE CORDA
650 _aCONSORCIACAO DE CULTURA
650 _aCUSTO DE PRODUCAO
650 _aRENDIMENTO
650 _aPARAIBA
909 _a202312
_bLúcia Elande
_c55
_dLúcia Elande
942 _2AGRIS
_n0
_cMS
999 _c279266
_d279266